Immagini di Sicilia. (Registro nro. 3770)

000 -CABECERA
campo de control de longitud fija 00884nam a2200373Ia 4500
001 - NÚMERO DE CONTROL
campo de control 4816
008 - DATOS DE LONGITUD FIJA--INFORMACIÓN GENERAL
campo de control de longitud fija 191123s9999 xx 000 0 und d
020 ## - NÚMERO INTERNACIONAL ESTÁNDAR DEL LIBRO
Número Internacional Estándar del Libro 8837303394
041 ## - CÓDIGO DE LENGUA
Código de lengua del texto/banda sonora o título independiente ita
044 ## - CÓDIGO DEL PAÍS DE LA ENTIDAD EDITORA/PRODUCTORA
Código MARC del país it
100 ## - ENTRADA PRINCIPAL--NOMBRE DE PERSONA
Nombre de persona Roux, Guillermo,
245 #0 - MENCIÓN DE TÍTULO
Título Immagini di Sicilia.
260 ## - PUBLICACIÓN, DISTRIBUCIÓN, ETC.
Lugar de publicación, distribución, etc. Palermo :
Nombre del editor, distribuidor, etc. Novecento,
Fecha de publicación, distribución, etc. 1998.
300 ## - DESCRIPCIÓN FÍSICA
Extensión 118 p.
500 ## - NOTA GENERAL
Nota general Con una nota de Roberto Rocca y la presentación de Matteo Collura
504 ## - NOTA DE BIBLIOGRAFÍA, ETC.
Nota de bibliografía, etc. Bibliografía pp. 118
650 ## - PUNTO DE ACCESO ADICIONAL DE MATERIA--TÉRMINO DE MATERIA
Término de materia o nombre geográfico como elemento de entrada ARGENTINA
650 ## - PUNTO DE ACCESO ADICIONAL DE MATERIA--TÉRMINO DE MATERIA
Término de materia o nombre geográfico como elemento de entrada BIOGRAFIAS
650 ## - PUNTO DE ACCESO ADICIONAL DE MATERIA--TÉRMINO DE MATERIA
Término de materia o nombre geográfico como elemento de entrada COLLURA, MATTEO
650 ## - PUNTO DE ACCESO ADICIONAL DE MATERIA--TÉRMINO DE MATERIA
Término de materia o nombre geográfico como elemento de entrada DIBUJOS
650 ## - PUNTO DE ACCESO ADICIONAL DE MATERIA--TÉRMINO DE MATERIA
Término de materia o nombre geográfico como elemento de entrada ITALIA
650 ## - PUNTO DE ACCESO ADICIONAL DE MATERIA--TÉRMINO DE MATERIA
Término de materia o nombre geográfico como elemento de entrada PINTURAS
650 ## - PUNTO DE ACCESO ADICIONAL DE MATERIA--TÉRMINO DE MATERIA
Término de materia o nombre geográfico como elemento de entrada ROCCA, ROBERTO,
650 ## - PUNTO DE ACCESO ADICIONAL DE MATERIA--TÉRMINO DE MATERIA
Término de materia o nombre geográfico como elemento de entrada ROUX, GUILLERMO
650 ## - PUNTO DE ACCESO ADICIONAL DE MATERIA--TÉRMINO DE MATERIA
Término de materia o nombre geográfico como elemento de entrada SICILIA
902 ## - ELEMENTOS DE DATOS B LOCAL, LDB (RLIN)
a M
903 ## - ELEMENTOS DE DATOS C LOCAL, LDC (RLIN)
a m
904 ## - ELEMENTOS DE DATOS D LOCAL, LDD (RLIN)
a m
907 ## - ELEMENTOS DE DATOS G LOCAL, LDG (RLIN)
a Impreso
911 ## - EQUIVALENCIA O REFERENCIA-CRUZADA-NOMBRE DE CONFERENCIA O REUNIÓN/CONGRESO [LOCAL, CANADÁ]
Nombre de congreso/reunión o jurisdicción como elemento de entrada láminas color y b/n; 28 x 31 cm
912 ## -
-- 1998
942 ## - ELEMENTOS DE PUNTO DE ACCESO ADICIONAL (KOHA)
Tipo de ítem Koha Libro
Existencias
Estado de retiro Estado de pérdida Estado dañado No para préstamo Localización permanente Ubicación/localización actual Fecha de adquisición Signatura topográfica completa Fecha visto por última vez Precio válido a partir de Tipo de ítem Koha Código de barras
        Biblioteca Horacio Butler Biblioteca Horacio Butler 2019-11-23 Roux 2 2019-11-23 2019-11-23 Libro  
        Biblioteca Horacio Butler Biblioteca Horacio Butler 2019-11-23 Roux 2 2019-11-23 2019-11-23 Libro 7014

Con tecnología Koha